| 000 | 00376nam a22001457a 4500 | ||
|---|---|---|---|
| 999 |
_c8143 _d8143 |
||
| 003 | OSt | ||
| 005 | 20200805130408.0 | ||
| 008 | 200805b ||||| |||| 00| 0 eng d | ||
| 020 | _a9780500292921 | ||
| 082 |
_a712.092 _bROB |
||
| 100 | _a Robson, David G.; Sansoni, Dominic, | ||
| 245 | _aBawa : the Sri Lanka gardens | ||
| 260 |
_aLondon _bThames and Hudson _c2017 |
||
| 942 | _2ddc | ||